| 000 | 00375 a2200109 4500 | ||
|---|---|---|---|
| 001 | ART_4785 | ||
| 005 | 20260410161824.0 | ||
| 008 | 260409a | ||
| 245 | 1 | 0 | _aAspectos jurídicos de la reforma laboral |
| 100 | 1 | _aRodríguez Mancini, Jorge | |
| 773 | 0 |
_tRevista de trabajo _gAdaptabilidad y negociación colectiva - Año 1, Nº 4 (sep./oct. 1994) _wREV4713 |
|
| 999 |
_c22653 _d22653 |
||